Có ai giữ giùm những lãng quên

Tôi viết để lưu lại những hồi ức mà tôi sợ một ngày nào đó mình chợt lãng quên. Những hồi ức mà theo tôi, nó sẽ là những điều thật quý báu mà không một loại đá quý nào có thể thay thế được....

Szczegółowa specyfikacja

Zapisane w:
Opis bibliograficzny
1. autor: Phạm, Jun
Format: Książka
Język:Undetermined
Wydane: H. Văn hóa - Văn nghệ 2017
Hasła przedmiotowe:
Dostęp online:http://lrc.tdmu.edu.vn/opac/search/detail.asp?aID=2&ID=33368
Etykiety: Dodaj etykietę
Nie ma etykietki, Dołącz pierwszą etykiete!
Thư viện lưu trữ: Trung tâm Học liệu Trường Đại học Thủ Dầu Một
LEADER 00961nam a2200205Ia 4500
001 TDMU_33368
008 210410s9999 xx 000 0 und d
082 |a 328.597 
090 |b PH104 
100 |a Phạm, Jun 
245 0 |a Có ai giữ giùm những lãng quên 
245 0 |c Jun Phạm 
260 |a H. 
260 |b Văn hóa - Văn nghệ 
260 |c 2017 
300 |a 175tr. 
520 |a Tôi viết để lưu lại những hồi ức mà tôi sợ một ngày nào đó mình chợt lãng quên. Những hồi ức mà theo tôi, nó sẽ là những điều thật quý báu mà không một loại đá quý nào có thể thay thế được. 
650 |a Văn học Việt Nam  |v Hồi ức; Hồi ký Việt Nam 
856 |u http://lrc.tdmu.edu.vn/opac/search/detail.asp?aID=2&ID=33368 
980 |a Trung tâm Học liệu Trường Đại học Thủ Dầu Một